000 00577nam a2200217Ia 4500
003 BUBTL
008 151213s9999 xx 000 0 und d
020 _a0-321-06898-x
082 _a338.433621PHH
100 _aPhelps,Charles E.
_91497
245 _aHealth Economics :
_cCharles E.phelps
250 _a3rd ed.
260 _aBoston :
_bAddison wesley,
_cc2003.
300 _axvi, 671 p. :
_c21 cm.
650 _aEconomics
650 _aEconomics
700 _aCharles E.phelps
856 _k0
_l0
_yDownload
942 _2ddc
_cBK
999 _c4812
_d4812